000
00184 a2200097 4500
001
8256
100
_a
Dickens, C
245
_a
Hard Times
260
_a
_b
Dent
_c
090
_c
6639
_d
6639
942
_a
NUST-CAE
_c
M
_c
33199
999
_c
243329
_d
243329